00820nam a22002417a 450000500170000001000130001702000220003003500130005203700160006504000120008108200160009324500840010925000170019326000370021027000380024730000320028549000390031765000340035665000210039094200250041199900190043695201230045520170124110254.0 aB-063364 c00.00a8170300509 aB-063364 bCen Lib/Ret aDPLbEN a230.23bMAN aThe mantra mahodadhi of mahidhara /bEnglish translation by a Board of Scholars a3rd rev. ed. aDelhibIndian Books Centrec2002 bDelhia40/5, Shakti Nagare110007 avarious pagings c20cm(pbk) aSri Garib Das Oriental Series v12 aTantrism -- Liturgy. 9104364 aMantras.9104365 2ddccENh230.23mMAN c136074d136074 00104070aLbLd2015-10-13eCen Lib/Retg0.00l0o230.23 MANpB-063364r2015-10-13 00:00:00t1v0.00w2015-10-13yEN